Hayaatul Muslimeen

Bibliographic Details
Main Author: Thanvi, Ashraf Ali (Author)
Format: Book
Published: New Delhi : Adams Publishers & Distributors , 1986
Subjects:

MARC

LEADER 00000cam a2200000 7i4500
001 0000002335
005 20031214093000.0
008 021118s1986
090 0 0 |a BP174   |b .T3 
100 0 |a Thanvi, Ashraf Ali ,   |e author 
245 0 0 |a Hayaatul Muslimeen   |c Ashrad Ali Thanvi 
260 2 |a New Delhi :   |b Adams Publishers & Distributors ,   |c 1986 
300 |a 220 p. ;   |c 23 cm. 
650 0 |a Islam   |x Customs and practices 
650 0 |a Islam   |x Doctrines 
650 0 |a Islam   |x Essence, genius, nature 
999 |a 1000005328   |b Book   |c OPEN SHELF (30 DAYS)   |e Gong Badak Campus